|
|
|
|
| LEADER |
01100nam a2200277 a 4500 |
| 001 |
12488524 |
| 008 |
111012s2002 txua b 001 0 eng |
| 010 |
|
|
|a 2001048062
|
| 020 |
|
|
|a 029270903X (cloth : alk. paper)
|
| 020 |
|
|
|a 0292709048 (pbk. : alk. paper)
|
| 040 |
|
|
|a DLC
|c DLC
|d DLC
|d BD-DhAAL
|
| 042 |
|
|
|a pcc
|
| 082 |
0 |
0 |
|a 297.1/2283054
|2 21
|
| 100 |
1 |
|
|a Barlas, Asma.
|
| 245 |
1 |
0 |
|a "Believing women" in Islam :
|b unreading patriarchal interpretations of the Qur'ān /
|c by Asma Barlas.
|
| 250 |
|
|
|a 1st ed.
|
| 260 |
|
|
|a Austin, TX :
|b University of Texas Press,
|c 2002.
|
| 300 |
|
|
|a xvi, 254 p. :
|b ill. ;
|c 23 cm.
|
| 504 |
|
|
|a Includes bibliographical references (p. 237-248) and index.
|
| 541 |
|
|
|e 00023697
|
| 650 |
|
0 |
|a Women in Islam.
|
| 650 |
|
0 |
|a Women in the Koran.
|
| 650 |
|
0 |
|a Women's rights
|x Religious aspects
|x Islam.
|
| 852 |
1 |
|
|a Ayesha Abed Library
|c General shelf.
|
| 999 |
|
|
|c 11316
|d 11316
|
| 952 |
|
|
|0 0
|1 0
|2 ddc
|4 0
|6 297_122830540000000_BAR
|7 0
|9 18394
|a BRACUL
|b BRACUL
|c GEN
|d 2011-10-12
|l 10
|m 70
|o 297.12283054 BAR
|p 3010023697
|q 2026-06-02
|r 2026-05-21
|s 2026-05-21
|t 1
|w 2011-10-12
|y BK
|